Problems and methods in analysis

Αποθηκεύτηκε σε:
Λεπτομέρειες βιβλιογραφικής εγγραφής
Κύριος συγγραφέας: Krysicki, W. (Wlodzimierz) (Συγγραφέας)
Μορφή: Βιβλίο
Γλώσσα:English
Δημοσίευση: Oxford ; London : Pergamon Press, 1966
Σειρά:The commonwealth and international library. Mathematics division ; 2744
Θέματα:
Ετικέτες: Προσθήκη ετικέτας
Δεν υπάρχουν, Καταχωρήστε ετικέτα πρώτοι!

MARC

LEADER 00000cam a2200000 a 4500
001 1/107071
008 150622s1966####us | ||| |||| ||eng||
040 |a GR-MyUa  |b gre  |c GR-MyUa  |e AACR2 
041 0 |a eng 
082 7 |a 515.076   |2 (23) 
100 1 |a Krysicki, W.   |q (Wlodzimierz) 
245 1 0 |a Problems and methods in analysis /   |c by W. Krysicki...[κ.ά.] 
260 |a Oxford ; London :   |b Pergamon Press,  |c 1966 
300 |a xii, 256 σ. :   |b σχέδια ;   |c 20 εκ. 
490 1 |a (The commonwealth and international library. Mathematics division)  |v  ; 2744 
500 |a Τόμος 1 
650 0 |a Mathematical analysis  |x Problems, exercises, etc. 
700 1 |a Krysicki, W.   |q (Wlodzimierz)  |e aut 
830 0 |a The commonwealth and international library. Mathematics division ;  |v  2744 
852 |a INST  |b SAMOS  |c MAG  |e 20150622  |h 515.076 PRO  |p 005300035263  |q 005300035263  |t BK  |y 0 
970 |a Σιτζίμη  |b Γιασεμή  |z 22/06/2015